Výměna aeračního zařízení na městské ČOV v Kutné Hoře

Bibliographic Details
Main Author: Teplý, Josef (Author)
Format: Article
Language:Czech

MARC

LEADER 00000nab a2200000uu 4500
001 vtls011147243
003 SK-MaSNL
005 20260303112011.0
008 230121|1978 xo |||||||||||||||||cze|
015 |a SNBRB 
035 |a (urnnbn)urn:nbn:sk:snk:ar-a09vhl 
035 |a (uuid)0fe00410-e267-40b0-a997-08d9b292ea3d 
035 |a urn:nbn:sk:snk-abaxmk 
040 |a SNKBUCL  |b slo  |c SNKBUCL  |e AACR2 
041 0 |a cze 
044 |a xo  |c SK 
100 1 |a Teplý, Josef  |4 aut  |9 1125075 
245 1 0 |a Výměna aeračního zařízení na městské ČOV v Kutné Hoře  |c Josef Teplý 
773 0 |t Vodohospodársky spravodajca  |g Roč. 21, č. 5 (1978), s. [270]-272 
958 |a OND 
958 |a EUIPO 
958 |a article14 
999 |c 1880903  |d 1882833